Statistics for first country letter in alphabetical order

Click here to take the quiz!

General Stats

  • This quiz has been taken 27 times
  • The average score is 16 of 24

Answer Stats

letterAnswer% Correct
OOman
96%
QQatar
92%
AAfghanistan
88%
YYemen
88%
ZZambia
88%
BBahamas
80%
HHaiti
80%
JJamaica
76%
IIceland
72%
KKazakhstan
72%
LLaos
72%
CCambodia
68%
FFiji
68%
UUganda
68%
VVanuatu
68%
GGabon
64%
PPakistan
64%
NNamibia
56%
EEcuador
52%
DDemocratic Republic of the Congo
44%
MMadagascar
44%
TTajikistan
44%
SSaint Kitts and Nevis
40%
RRepublic of the Congo
32%

Score Distribution

Percentile by Number Answered

Percent of People with Each Score

Your Score History

You have not taken this quiz